000 00924nam a22002177a 4500
999 _c18977
_d18977
003 AR-CdUCM
008 190516b ||||| |||| 00| 0 spa d
040 _aMUNICIPALIDAD PROVINCIAL DEL CUSCO
_cBIBLIOTECA MUNICIPAL DEL CUSCO
041 _heng.
082 _a510.024 /
_bK92
100 _aKreyszig, Erwin
_939958
245 _aMatemáticas avanzadas para ingeniería /
260 _aMéxico, D.F :
_bEdit. Limusa,
_c1971.
300 _a569 paginas ;
_c22 cm.
505 _aContenido :Rapaso de algunos tópicos de álgebra y de calculo --Ecuaciones diferenciales ordinarias de primer orden --Ecuaciones diferenciales lineales ordinarias --Resolución de las ecuaciones diferenciales por series de potencias ...
650 _aMatemáticas para ingenieros
_939959
650 _aMatemáticas para ingenieros
_939959
650 _aProblemas, ejercicios, etc.
_925134
942 _2ddc
_cLIBROS
945 _arjall
_d2019-05-16